000 00539cam a22001697a 4500
008 180718b2000 xxu||||| |||| 00| 0 eng d
020 _a0195651413
082 _aABx54 H27
245 _aImage and representation: stories of Muslim lives in India
_cedited by Mushirul Hasan and M. Asaduddin
260 _aNew Delhi
_bOxford Univ. Press
_c2000
300 _a349p.
650 _aMuslims - India
650 _aIslamic stories, Urdu - India
650 _aIslamic stories - Indonesian
700 _aAsaduddin, M.
700 _aHasan, Mushirul
999 _c396113
_d396113